<?xml version="1.0" encoding="UTF-8"?>
<record
    xmlns:xsi="http://www.w3.org/2001/XMLSchema-instance"
    xsi:schemaLocation="http://www.loc.gov/MARC21/slim http://www.loc.gov/standards/marcxml/schema/MARC21slim.xsd"
    xmlns="http://www.loc.gov/MARC21/slim">

  <leader>01893    a2200205   4500</leader>
  <controlfield tag="001">29647</controlfield>
  <controlfield tag="005">20260407155606.0</controlfield>
  <controlfield tag="008">260407a1976    arg                 spa d</controlfield>
  <controlfield tag="003">AR-UNSa-BCEJYS</controlfield>
  <datafield tag="040" ind1=" " ind2=" ">
    <subfield code="a">AR-UNSa-BCEJYS</subfield>
    <subfield code="b">spa</subfield>
    <subfield code="c">AR-UNSa-BCEJYS</subfield>
  </datafield>
  <datafield tag="080" ind1=" " ind2=" ">
    <subfield code="a">657.36</subfield>
    <subfield code="x">Balances de comprobaci&#xF3;n (balance estimativo). Balances de saldo. Balance intermedio</subfield>
  </datafield>
  <datafield tag="245" ind1="1" ind2="0">
    <subfield code="a">C&#xF3;mo analizar un balance</subfield>
  </datafield>
  <datafield tag="250" ind1=" " ind2=" ">
    <subfield code="a">6a. ed</subfield>
  </datafield>
  <datafield tag="264" ind1=" " ind2="1">
    <subfield code="a">Buenos Aires :</subfield>
    <subfield code="b">Selecci&#xF3;n Contable</subfield>
    <subfield code="c">1976</subfield>
  </datafield>
  <datafield tag="300" ind1=" " ind2=" ">
    <subfield code="a">262 p.</subfield>
    <subfield code="c">24 cm.</subfield>
  </datafield>
  <datafield tag="505" ind1=" " ind2=" ">
    <subfield code="a">Parte I: Conceptos preliminares relativos al estudio del analisis de balances 1. Introducci&#xF3;n al an&#xE1;lisis de balance - 2. Nociones sobre el balance contable - 3. Conjunto de activo y sus subconjuntos - 4. Conjunto de pasivo y sus subcinjuntos - 5. Demostraci&#xF3;n de ganancias y perdidas - Parte II: An&#xE1;lisis de balances elementos y cocientes 6. Liquidez financiera - 7. La rotaci&#xF3;n y su forma universal - 8. Rotaci&#xF3;n de inventarios o bienes de cambio - 9. Rotaci&#xF3;n de creditos - 10. Rotaci&#xF3;n de deudas - 11. Capital corriente y su formula - 12. Inventarios y capital corriente - 13. Deudas de financiaci&#xF3;n y capital corriente - 14. Ventas y capital corriente - 15. Activo circulante y capital propio - 16. Pasivo circulante y capital propio - 17. Activo fijo y capital propio - 18. Activo Fijo y deudas - 19. Activo fijo y circulante - 20. Rentabilidad del capital propio - 21. Rentabilidad del capitald de terceros - 22. Rentabilidad del capital fijo - 23. Rentabilidad del activo circulante - 24. Rentabilidad del capital corriente - 25. Rentabilidad de las ventas - 26. Rentabilidad de costos - 27. Ventas y capital propio - Parte III: Teoria y practica de la dinamica de la liquidez financiera 28. Problemas de liquidez - 29. Caso especial de analisis de liquidez.</subfield>
  </datafield>
  <datafield tag="942" ind1=" " ind2=" ">
    <subfield code="c">BK</subfield>
  </datafield>
  <datafield tag="590" ind1=" " ind2=" ">
    <subfield code="a">niveau_biblio:m niveau_hierar:0</subfield>
  </datafield>
  <datafield tag="100" ind1="1" ind2=" ">
    <subfield code="a">L&#xF3;pes de Sa, Antonio</subfield>
  </datafield>
  <datafield tag="999" ind1=" " ind2=" ">
    <subfield code="c">1926</subfield>
    <subfield code="d">1926</subfield>
  </datafield>
  <datafield tag="952" ind1=" " ind2=" ">
    <subfield code="0">0</subfield>
    <subfield code="1">0</subfield>
    <subfield code="4">0</subfield>
    <subfield code="7">0</subfield>
    <subfield code="a">BCEJYS</subfield>
    <subfield code="b">BCEJYS</subfield>
    <subfield code="c">16</subfield>
    <subfield code="d">2026-04-07</subfield>
    <subfield code="l">0</subfield>
    <subfield code="o">657.36 L865c 6ed.</subfield>
    <subfield code="p">L12326</subfield>
    <subfield code="r">2026-04-07 15:56:06</subfield>
    <subfield code="w">2026-04-07</subfield>
    <subfield code="y">L</subfield>
  </datafield>
  <datafield tag="952" ind1=" " ind2=" ">
    <subfield code="0">0</subfield>
    <subfield code="1">0</subfield>
    <subfield code="4">0</subfield>
    <subfield code="7">0</subfield>
    <subfield code="a">BCEJYS</subfield>
    <subfield code="b">BCEJYS</subfield>
    <subfield code="c">16</subfield>
    <subfield code="d">2026-04-07</subfield>
    <subfield code="l">0</subfield>
    <subfield code="o">657.36 L865c 6ed.</subfield>
    <subfield code="p">L12327</subfield>
    <subfield code="r">2026-04-07 15:56:06</subfield>
    <subfield code="w">2026-04-07</subfield>
    <subfield code="y">L</subfield>
  </datafield>
</record>
